PETROGRAFIA KEUPERU KRÍŽŇANSKEJ JEDNOTKY V STRÁŽOVSKEJ HORNATINE

Podrobná bibliografia
Hlavný autor: Ďurovič, Vincent, 1931- (Autor)
Ďalší autori: Mináriková, L. (Prekladateľ)
Médium: Článok
Jazyk:slovenčina

MARC

LEADER 00000nab a2200000ua 4500
001 vtls010844343
003 SK-MaSNL
005 20260303135812.0
008 230218s1973 xo |||||||||||||||||slo|
035 |a (urnnbn)urn:nbn:sk:snk:ar-a072xw 
035 |a urn:nbn:sk:snk-ab667z 
035 |a (uuid)4a9e38a3-c3ec-4156-a6e9-4afedc56a96e 
040 |a SNKBUCL  |b slo  |c SNKBUCL  |e AACR2 
041 0 |a slo 
044 |a xo  |c SK 
100 1 |a Ďurovič, Vincent,  |d 1931-  |4 aut  |9 41568 
245 1 0 |a PETROGRAFIA KEUPERU KRÍŽŇANSKEJ JEDNOTKY V STRÁŽOVSKEJ HORNATINE  |c Vincent Ďurovič, L. Mináriková 
700 1 |a Mináriková, L.  |4 trl  |9 1155935 
773 0 |t Geologické práce : správy  |g Roč. 60, č. 60 (1973), s. 127-[338] 
954 |a odborná, vedecká literatúra pôvodná (slovenská)  |2 lita 
958 |a OND 
958 |a EUIPO 
958 |a article5 
999 |c 1967936  |d 1969866